000 00770nam a22002657a 4500
001 0074
003 DO-SdBNP
005 20230703123644.0
007 0074
008 151116b2009 sp 00| 0 spa d
020 _a9788497643658
040 _aBPMSU
_bspa
_cBPMSU
082 4 _a823.91
_bD754a 2009
_222
100 1 _aConan Doyle, Arthur,
_41859-1930
245 1 4 _aLas aventuras de Sherloch Holmes /
_cArthur Conan Doyle
260 _aMadrid :
_bEdimat Libros,
_c2009
300 _a188 p. ;
_c19 cm.
490 0 _aClásicos de la literatura ;
_aNarrativa
590 _6Inventariado, 2023/VM
650 4 _aNovela inglesa
650 4 _aNovela de aventuras
650 4 _aLiteratura inglesa
910 _aBTavarez/VMateo V. Control de calidad (BPMSU)
942 _2ddc
_cBK
999 _c8729
_d8729